000 00499nam a2200193Ia 4500
003 GCL
008 140319s9999 xx 000 0 eng d
040 _aGCL /
_cGCL
082 0 4 _a338.4791
_bV I
100 1 _aVELLAS, FRANCOIS
245 1 0 _aINTERNATIONAL TOURISM AN ECONOMIC PERSPECTIVE /
_cVELLAS, FRANCOIS
700 1 _aBECHEREL, LIONEL
260 _a[S.N] :
_bMACMILLAN ،
_c1995
300 _a359 P
650 0 4 _aECONOMICS
650 0 4 _aMARKETING
650 0 4 _aTOURISM
942 _2ddc
_cBK
999 _c25225
_d25225